Datum a čas kvízu
22
Celkem bodů
Celkový počet nahraných bodů na tomto kvízu bez doplňovacích otázek.
3.
Pořadí na kvízu
Konečné umístění týmu na tomto kvízu.
Zaznamenané odpovědi
| # | Otázka | Odpověď | Body | Výsledky |
|---|---|---|---|---|
| 1. | Dva roky po svatbě s kadeřníke... | 1 | ||
| 4. | Společnost Twitter na své inte... | 0 | ||
| 2. | Chystaná premiéra jednoho muzi... | 0 | ||
| 1. | Obchodní řetězec Kaufland se n... | 1 | ||
| 5. | Fotbalisté v jisté evropské ze... | 0 | ||
| 6. | Tenis jste si vybrali při hlas... | 0 | ||
| 7. | Ve kterém roce vyhrála Petra K... | 0 | ||
| 8. | Jak se nazývá (6 písmeny) tkan... | 0 | ||
| 9. | Který z povrchů, na kterých se... | 0 | ||
| 10. | K našim nejlepším tenistům se... | 1 |